000
00285nam a2200097Ia 4500
008
220120s9999||||xx |||||||||||||| ||und||
100
_a
Madhura, S
_9
12260
245
0
_a
Bluetooth enabled smart home
260
_a
Coorg Institute of Technology
_b
Ponnampet
_c
2010
650
_a
COMPUTER SCIENCE
999
_c
137846
_d
137846